00305nam a2200097Ia 45000010005000000080041000050820027000461000075000732450035001482600024001834577241024s9999 xx 000 0 und d aRD/615/C733m/2012-2016 aComisión Presidencial de Política Farmacéutica Nacional. COPPFAN 0aMemoria de gestión 2012-2016 bSanto Domingoc2016